|
|
|
|
| LEADER |
00875nam a2200205 i 4500 |
| 001 |
misc57565 |
| 005 |
20210509102935.0 |
| 008 |
210509s1893 hu o 0|| hun d |
| 040 |
|
|
|a SZTE Miscellanea Repozitórium
|b hun
|
| 041 |
|
|
|a hun
|
| 100 |
1 |
|
|a Reizner János
|
| 245 |
1 |
2 |
|a A Szeged Polgári Dalárda emlékkönyve
|h [elektronikus dokumentum] :
|b alakulásának negyedszázados évfordulójára /
|c Reizner János
|
| 260 |
|
|
|a Bába Sándor Könyvnyomdája
|b Szeged, Magyarország
|c 1893
|
| 300 |
|
|
|a 35
|
| 650 |
|
4 |
|a Bölcsészettudományok
|
| 650 |
|
4 |
|a Művészetek (művészetek, művészettörténet, előadóművészetek, zene)
|
| 650 |
|
4 |
|a Előadóművészet (zene, színháztudomány, dramaturgia)
|
| 650 |
|
4 |
|a Zene, zenetudomány, zenetörténet
|
| 695 |
|
|
|a Zenei élet - Szeged - 19. sz.
|
| 856 |
4 |
0 |
|u http://misc.bibl.u-szeged.hu/57565/1/90588.pdf
|z Dokumentum-elérés
|